Tratamientos de los problemas en el aprendizaje : actualizaciones en clínica psicopedagógica /

Guardado en:
Autor Principal: Wettengel, Luisa
Formato: Libro
Publicado: Buenos Aires : Novedades educativas, 2006
Series:Colección Conjunciones
Materias:
Etiquetas: Agregar Etiqueta
Sin Etiquetas, Sea el primero en etiquetar este registro!
LEADER 01487nam a22002055a 4500
001 CEM.cems013082
005 20090303103943.0
008 130507s2006##################000#0#####d
003 CEMS
020 |a 9875381632 
082 0 4 |a 370.15 
100 1 |a Wettengel, Luisa 
245 1 0 |a Tratamientos de los problemas en el aprendizaje :  |b actualizaciones en clínica psicopedagógica /  |c Coompilado Por Gerardo Prol y Luisa Wettengel 
260 |a Buenos Aires :  |b Novedades educativas,  |c 2006 
300 |a 160 p. 
490 0 |a Colección Conjunciones 
505 0 |a El problema del aprendizaje en la escena clínica / Gerardo Prol -- Tres momentos de un encuentro. Reflexiones acerca del encuadre en el tratamiento psicopedagógico grupal / Victoria Rego -- Intervenciones / Teresita Bo -- El cuaderno, un documento de la historia / Erica Hamuy -- Las voces de los otros / Liliana Contrafatti y Alejandra Meza -- Manifestaciones clínicas del silencio / Jorgelina Lázaro y María Erhart del Campo -- Escenas de escritura en tratamiento / Cecilia Kornblit -- Acerca del acontecimiento / Andrea Lucero -- Laura: un año de tratamiento. Un proceso en marcha / Juliana Oelsner -- Una historia para contar / Claudia Suárez -- El grupo de padres. Obstáculos posibles / Claudia Suárez -- La trama de las referencias simbolizantes / Luisa Wettengel, Erica Hamuy y Andrea Lucero 
653 |a Educación 
653 |a Problemas de aprendizaje 
859 |a CEMS  |b BIB. CEMS - 11 de abril  |h 370.15  |i W535  |p 25515.09  |t Ej.1